Online
Catalog

Javier Tomeo. (Record no. 42354)

MARC details
000 -CABECERA
campo de control de longitud fija 01209nam a2200301 a 4500
001 - NÚMERO DE CONTROL
campo de control 000042865
003 - IDENTIFICADOR DEL NÚMERO DE CONTROL
campo de control DO-SdBNP
005 - FECHA Y HORA DE LA ÚLTIMA TRANSACCIÓN
campo de control 20221128100815.0
008 - DATOS DE LONGITUD FIJA--INFORMACIÓN GENERAL
campo de control de longitud fija 140211s2010 sp a 000 0 spa d
020 ## - NÚMERO INTERNACIONAL ESTÁNDAR DEL LIBRO
Número Internacional Estándar del Libro 9788476358153
040 ## - FUENTE DE LA CATALOGACIÓN
Centro catalogador/agencia de origen DO-SdBNP
Lengua de catalogación spa
Centro/agencia transcriptor BNPHU
049 ## - FONDOS LOCALES (OCLC)
Fondos de biblioteca BNPD
082 ## - NÚMERO DE LA CLASIFICACIÓN DECIMAL DEWEY
Número de clasificación 928.6
Número de documento/Ítem T656g
111 1# - ENTRADA PRINCIPAL--NOMBRE DE CONGRESO/REUNIÓN
Nombre de congreso/reunión o jurisdicción como elemento de entrada Grand Séminaire de Neuchâtel = Coloquio Internacional Javier Tomeo
Fecha del congreso/reunión (2007, 5-6 nov :
Sede del congreso/Lugar de la reunión Neuchâtel, Suiza)
9 (RLIN) 70268
245 10 - MENCIÓN DE TÍTULO
Título Javier Tomeo.
260 ## - PUBLICACIÓN, DISTRIBUCIÓN, ETC.
Lugar de publicación, distribución, etc. Madrid :
-- Neuchâtel, Suiza :
Nombre del editor, distribuidor, etc. Centro de Investigación de Narrativa Española :
-- Université de Neuchâtel,
Fecha de publicación, distribución, etc. 2010.
Fabricante Arco/Libros
300 ## - DESCRIPCIÓN FÍSICA
Extensión 220 p. :
Otras características físicas il. ;
Dimensiones 22 cm.
490 1# - MENCIÓN DE SERIE
Mención de serie Cuadernos de Narrativa
504 ## - NOTA DE BIBLIOGRAFÍA, ETC.
Nota de bibliografía, etc. Incluye bibliografía y notas al pie de páginas.
504 ## - NOTA DE BIBLIOGRAFÍA, ETC.
Nota de bibliografía, etc. Bibliografía: p. 199-220
600 14 - PUNTO DE ACCESO ADICIONAL DE MATERIA--NOMBRE DE PERSONA
Nombre de persona Tomeo, Javier,
Fechas asociadas al nombre 1931-
Subdivisión general Crítica e interpretación
9 (RLIN) 70269
650 #4 - PUNTO DE ACCESO ADICIONAL DE MATERIA--TÉRMINO DE MATERIA
Término de materia o nombre geográfico como elemento de entrada Autores españoles
Subdivisión general Crítica e interpretación
-- Ensayos, conferencias, etc.
9 (RLIN) 70270
650 #4 - PUNTO DE ACCESO ADICIONAL DE MATERIA--TÉRMINO DE MATERIA
Término de materia o nombre geográfico como elemento de entrada Literatura española
Subdivisión general Historia y crítica
9 (RLIN) 3904
650 #4 - PUNTO DE ACCESO ADICIONAL DE MATERIA--TÉRMINO DE MATERIA
Término de materia o nombre geográfico como elemento de entrada Novela española
Subdivisión general Historia y crítica
9 (RLIN) 12614
830 #0 - PUNTO DE ACCESO ADICIONAL DE SERIE-TÍTULO UNIFORME
Título uniforme Cuadernos de Narrativa
9 (RLIN) 70271
910 ## - DATOS DE OPCIÓN DEL USUARIO (OCLC)
Datos de opción del usuario Validado. Control de calidad EMS
942 ## - ELEMENTOS DE PUNTO DE ACCESO ADICIONAL (KOHA)
Fuente del sistema de clasificación o colocación Dewey Decimal Classification
Tipo de ítem Koha Libro
Holdings
Estado de retiro Estado de pérdida Restricciones de uso No para préstamo Código de colección Localización permanente Ubicación/localización actual Ubicación en estantería Fecha de adquisición Número de inventario Total de préstamos Signatura topográfica completa Código de barras Fecha visto por última vez Precio válido a partir de Tipo de ítem Koha
      Excluido de préstamo Monografías: Libros y Folletos General General Depósito 11.02.2014 LF1   928.6 T656g 42865-10 25.06.2020 25.06.2020 No se presta

Powered by Koha